[Event "9. LGA Premium Cup 2012"]
[Site "Nürnberg"]
[Date "2012.09.07"]
[Round "2.70"]
[White "Felser, Martin"]
[Black "Troyke, Doreen"]
[Result "0-1"]
[WhiteElo "1869"]
[BlackElo "2100"]
[PlyCount "90"]
[EventDate "2012.??.??"]
[WhiteTeam "SK Marktoberdorf"]
[BlackTeam "Erfurter Schachklub"]

1. Nf3 d5 2. d4 Nf6 3. g3 c6 4. Bg2 Bf5 5. O-O e6 6. c4 Be7 7. Nc3 Nbd7 8. a3
h6 9. b4 dxc4 10. Bb2 O-O 11. Nd2 Nb6 12. b5 cxb5 13. Nxb5 Qd7 14. Nc3 Rac8 15.
h3 Nfd5 16. e4 Nxc3 17. Bxc3 Na4 18. Qf3 Bg6 19. Rfc1 b5 20. Qe3 Nxc3 21. Rxc3
Rfd8 22. Nf3 Bf6 23. Rd1 a6 24. h4 Bh5 25. e5 Be7 26. Bh3 Qb7 27. g4 Bg6 28. g5
h5 29. Ne1 Qe4 30. Ng2 Qxe3 31. fxe3 Be4 32. Nf4 Rc6 33. Kf2 g6 34. Bf1 a5 35.
Rdc1 Rdc8 36. Be2 Bd5 37. Nxd5 exd5 38. R3c2 Bxa3 39. Ra1 b4 40. Rca2 c3 41.
Bb5 R6c7 42. Rc2 Bb2 43. Rxa5 b3 44. Rxb2 cxb2 45. Bd3 Rc2+ 0-1

[Event "9. LGA Premium Cup 2012"]
[Site "Nürnberg"]
[Date "2012.09.07"]
[Round "2.71"]
[White "Hecht, Carsten"]
[Black "Weißbeck, Wolf-Dieter"]
[Result "1-0"]
[WhiteElo "2094"]
[BlackElo "1874"]
[PlyCount "71"]
[EventDate "2012.??.??"]
[WhiteTeam "Schachklub Blauer Springer Pader"]
[BlackTeam "SV Alsfeld"]

1. e4 e6 2. d4 d5 3. e5 c5 4. c3 Nc6 5. Nf3 Qb6 6. a3 Bd7 7. b4 c4 8. a4 a5 9.
b5 Na7 10. Ba3 Be7 11. g3 Nc8 12. Bg2 Qc7 13. Nbd2 Nb6 14. Nf1 h6 15. Ne3 Rd8
16. Qc2 Bc8 17. Nd2 Bxa3 18. Rxa3 Qe7 19. Ra1 h5 20. h3 Kf8 21. Ke2 g6 22. f4
Nh6 23. g4 hxg4 24. hxg4 Kg7 25. Nf3 Rdg8 26. Kd2 Nd7 27. Kc1 Kf8 28. Kb2 Ke8
29. Rh4 Kd8 30. Rah1 Qf8 31. Ng5 Nb6 32. Rxh6 Rxh6 33. Rxh6 f6 34. exf6 Qxf6
35. Nh3 Qf8 36. g5 1-0

[Event "9. LGA Premium Cup 2012"]
[Site "Nürnberg"]
[Date "2012.09.07"]
[Round "2.72"]
[White "Winterholler, Christina"]
[Black "Schubert, Dieter"]
[Result "1-0"]
[WhiteElo "1856"]
[BlackElo "2094"]
[PlyCount "91"]
[EventDate "2012.??.??"]
[WhiteTeam "SK Ingolstadt"]
[BlackTeam "SV Puschendorf 1949 e.V."]

1. e4 c5 2. Nf3 d6 3. Bb5+ Nc6 4. O-O Bd7 5. c3 a6 6. Bxc6 Bxc6 7. Re1 Nf6 8.
e5 dxe5 9. Nxe5 Qd5 10. f3 e6 11. Na3 b5 12. Nc2 Bb7 13. d4 cxd4 14. cxd4 Be7
15. b3 O-O 16. Bb2 Rac8 17. Rc1 Qd8 18. Qe2 Qb6 19. Ne3 Bb4 20. Red1 Nd5 21.
Nd7 Nf4 22. Qf2 Qd6 23. Nxf8 Rxf8 24. Ng4 Ba5 25. Ne5 Bc7 26. Qd2 Nd5 27. g3 f6
28. Nd3 h5 29. Nc5 Ba8 30. Ne4 Qe7 31. Re1 Re8 32. Nc5 Qd6 33. Ne4 Qe7 34. Qe2
Ba5 35. Bc3 Bb6 36. Qd3 Rd8 37. Nc5 e5 38. b4 Nc7 39. Qf5 Qf7 40. dxe5 Qd5 41.
Kg2 Bxc5 42. bxc5 Ne6 43. Rcd1 Qxa2+ 44. Kg1 Rxd1 45. Rxd1 Ng5 46. Rd8+ 1-0

[Event "9. LGA Premium Cup 2012"]
[Site "Nürnberg"]
[Date "2012.09.07"]
[Round "2.73"]
[White "Krah, Michael"]
[Black "Radziwill, Gerrit"]
[Result "1-0"]
[WhiteElo "2091"]
[BlackElo "1841"]
[PlyCount "109"]
[EventDate "2012.??.??"]
[WhiteTeam "SV Alsfeld"]
[BlackTeam "Schach-Union München e.V."]

1. d4 d5 2. Nf3 Nf6 3. Bf4 Nbd7 4. e3 c5 5. c3 h6 6. Nbd2 Nh5 7. Bg3 Nxg3 8.
hxg3 Rb8 9. Bd3 b5 10. Ne5 Nxe5 11. dxe5 c4 12. Bc2 e6 13. Nf3 Bb7 14. Nd4 a6
15. f4 g6 16. g4 Bg7 17. Qf3 Qe7 18. a3 Ba8 19. Kd2 a5 20. Rab1 O-O 21. f5 exf5
22. gxf5 Qxe5 23. f6 Bh8 24. Rxh6 Rb6 25. Rbh1 Bxf6 26. Qh3 Re8 27. Bxg6 fxg6
28. Rxg6+ Kf8 29. Qh7 Qxe3+ 30. Kc2 Qd3+ 31. Kc1 Bg5+ 32. Rxg5 Re1+ 33. Rxe1
Qxh7 34. Rf5+ Qxf5 35. Nxf5 Rg6 36. Re2 Kf7 37. Kd2 Rf6 38. Nd4 Bc6 39. Ke3 Bd7
40. Rf2 Rxf2 41. Kxf2 Kf6 42. Ke3 Ke5 43. Nf3+ Kf5 44. Kd4 Kf4 45. Kxd5 Kg3 46.
Nd4 Kxg2 47. Kc5 Kf2 48. Nxb5 Ke3 49. Kxc4 Be6+ 50. Kc5 Bb3 51. Nd4 Bd1 52. Kb5
a4 53. Ne6 Bb3 54. Nc5 Kd2 55. Nxa4 1-0

[Event "9. LGA Premium Cup 2012"]
[Site "Nürnberg"]
[Date "2012.09.07"]
[Round "2.75"]
[White "Hörmann, Gunther"]
[Black "Heinz, Friedrich"]
[Result "1-0"]
[WhiteElo "2080"]
[BlackElo "1838"]
[PlyCount "53"]
[EventDate "2012.??.??"]
[WhiteTeam "TSV Cadolzburg e.V."]
[BlackTeam "SV Alsfeld"]

1. d4 d5 2. Nf3 Nf6 3. e3 Bg4 4. c4 c6 5. Nc3 e6 6. Qb3 dxc4 7. Qxb7 Nbd7 8.
Bxc4 Bxf3 9. gxf3 Be7 10. Qxc6 O-O 11. f4 Nb6 12. Bb3 Rc8 13. Qb5 Ng4 14. Rg1
Nf6 15. Bd2 Ra8 16. f5 a6 17. Qa5 exf5 18. Qxf5 g6 19. Qa5 Qb8 20. O-O-O Rc8
21. Kb1 Bd8 22. Qe5 Qb7 23. h4 Nbd7 24. Qh2 Bc7 25. Qg2 Qb8 26. Nd5 Ra7 27.
Ne7+ 1-0

[Event "9. LGA Premium Cup 2012"]
[Site "Nürnberg"]
[Date "2012.09.07"]
[Round "2.76"]
[White "Pfadenhauer, Tobias"]
[Black "Konsek, Peter"]
[Result "0-1"]
[WhiteElo "1801"]
[BlackElo "2075"]
[PlyCount "72"]
[EventDate "2012.??.??"]
[WhiteTeam "Kronacher SK 1882 e.V."]
[BlackTeam "SW Nürnberg Süd e.V."]

1. d4 Nf6 2. Nf3 g6 3. e3 Bg7 4. c4 O-O 5. Nc3 d6 6. Be2 Qe8 7. O-O c6 8. b4 e5
9. Qb3 e4 10. Nd2 Qe7 11. a4 a6 12. Ba3 Re8 13. Rfb1 Nbd7 14. Qc2 Nf8 15. b5
axb5 16. axb5 Bf5 17. bxc6 bxc6 18. c5 d5 19. Na4 Ne6 20. Bb2 Nd7 21. Bc3 Nxd4
22. Bxd4 Bxd4 23. exd4 e3 24. Bd3 exd2 25. Qxd2 Bxd3 26. Qxd3 Nf6 27. Nb6 Rxa1
28. Rxa1 Kg7 29. h3 Nh5 30. g3 Nf6 31. Qf3 Ne4 32. Rd1 Ng5 33. Qg2 Qe2 34. Qf1
Nf3+ 35. Kg2 Qe4 36. Qh1 Nxd4+ 0-1

[Event "9. LGA Premium Cup 2012"]
[Site "Nürnberg"]
[Date "2012.09.07"]
[Round "2.77"]
[White "Millikan, Erlend"]
[Black "Carow, Annelen"]
[Result "0-1"]
[WhiteElo "1731"]
[BlackElo "1968"]
[PlyCount "74"]
[EventDate "2012.??.??"]
[WhiteTeam "Kronacher SK 1882 e.V."]
[BlackTeam "Sfr.Heidesheim"]

1. d4 Nf6 2. Nf3 c5 3. e3 e6 4. c3 d5 5. Bd3 Be7 6. Nbd2 Nc6 7. O-O O-O 8. Qe2
Qc7 9. h3 Re8 10. b3 e5 11. dxe5 Nxe5 12. Nxe5 Qxe5 13. Bb2 Bd6 14. Nf3 Qh5 15.
Nh2 Qe5 16. Nf3 Qe6 17. Rfd1 Bd7 18. Kf1 Bc6 19. Bb5 Ne4 20. Bd3 Bg3 21. Bxe4
dxe4 22. Ng1 Bc7 23. Rd2 a5 24. c4 a4 25. Bc3 Reb8 26. g3 b5 27. Kg2 b4 28. Bb2
a3 29. Bc1 Be5 30. Rb1 Rd8 31. Rxd8+ Rxd8 32. Bd2 Rd3 33. Rc1 Qd7 34. Be1 g6
35. Qg4 Qxg4 36. hxg4 Bd7 37. g5 Bg4 0-1

[Event "9. LGA Premium Cup 2012"]
[Site "Nürnberg"]
[Date "2012.09.07"]
[Round "2.78"]
[White "Göttle, Artur"]
[Black "Wettermann, Bernd"]
[Result "0-1"]
[WhiteElo "2075"]
[BlackElo "1741"]
[PlyCount "66"]
[EventDate "2012.??.??"]
[WhiteTeam "SC Dillingen"]
[BlackTeam "FC Konradsreuth"]

1. d4 d5 2. Nf3 e6 3. c4 Be7 4. Nc3 Nf6 5. e3 O-O 6. Bd3 c5 7. O-O Nc6 8. a3 b6
9. Ne5 Nxe5 10. dxe5 Ne8 11. cxd5 exd5 12. Nxd5 Bb7 13. Be4 Bxd5 14. Bxd5 Rc8
15. b3 Nc7 16. Bb7 Rb8 17. Bc6 Ne6 18. Bb2 Qc7 19. Qd7 Rfc8 20. Qxc7 Rxc7 21.
Bb5 Rcc8 22. a4 Nc7 23. Bc4 a6 24. Be2 b5 25. axb5 axb5 26. Rfb1 Nd5 27. Ra5 c4
28. Bd4 c3 29. Rc1 c2 30. Bb2 Bb4 31. Rxb5 Rxb5 32. Bxb5 Bd2 33. Bc4 Bxc1 0-1

[Event "9. LGA Premium Cup 2012"]
[Site "Nürnberg"]
[Date "2012.09.07"]
[Round "2.79"]
[White "Hirschberg, Leander"]
[Black "Baskin, Robert"]
[Result "1/2-1/2"]
[WhiteElo "1726"]
[BlackElo "2070"]
[PlyCount "82"]
[EventDate "2012.??.??"]
[WhiteTeam "SV Pfinztal e. V."]
[BlackTeam "SAbt TuS Makkabi Ffm"]

1. e4 c5 2. c3 d5 3. exd5 Qxd5 4. d4 Nf6 5. Nf3 Nc6 6. Be3 cxd4 7. cxd4 e6 8.
Nc3 Qd6 9. Bc4 Be7 10. O-O O-O 11. Qe2 b6 12. Rfd1 Nb4 13. a3 Nbd5 14. Rac1 Bb7
15. h3 Rac8 16. Nxd5 Nxd5 17. Qd2 Rfd8 18. Be2 Bf6 19. Bg5 Bxg5 20. Nxg5 Qf4
21. Rxc8 Rxc8 22. Bf3 Qc7 23. Bxd5 Bxd5 24. Nf3 Qc2 25. Kh2 Bb3 26. Qxc2 Rxc2
27. Rd2 Kf8 28. Kg3 Ke7 29. Kf4 Kd6 30. Rxc2 Bxc2 31. Ke3 Kd5 32. Nd2 g5 33. g3
f6 34. f4 gxf4+ 35. gxf4 b5 36. h4 a6 37. Nf3 Be4 38. Nd2 Bf5 39. Nf3 b4 40.
axb4 Kc4 41. Nd2+ Kxb4 1/2-1/2

[Event "9. LGA Premium Cup 2012"]
[Site "Nürnberg"]
[Date "2012.09.07"]
[Round "2.80"]
[White "Steinmüller, Alexander"]
[Black "Siegl, Melina"]
[Result "1-0"]
[WhiteElo "2068"]
[BlackElo "1788"]
[PlyCount "97"]
[EventDate "2012.??.??"]
[WhiteTeam "SV Puschendorf 1949 e.V."]
[BlackTeam "SW Nürnberg Süd e.V."]

1. e4 c5 2. d3 e6 3. g3 d5 4. e5 Nc6 5. f4 b6 6. Bg2 Bb7 7. Nf3 Nh6 8. O-O Nf5
9. c3 d4 10. c4 Qd7 11. Qe2 Rd8 12. Ne1 a6 13. Na3 Nb4 14. Bxb7 Qxb7 15. Qf3
Qd7 16. Rf2 Be7 17. Re2 h5 18. Nac2 Nxc2 19. Nxc2 b5 20. b3 f6 21. Qe4 Kf7 22.
Bd2 fxe5 23. fxe5 g5 24. Rae1 Kg7 25. Rf1 Rdf8 26. Ne1 Nh6 27. Ref2 Rf5 28. Qe2
Qc7 29. Rxf5 exf5 30. Nf3 Kg6 31. h4 gxh4 32. Nxh4+ Bxh4 33. gxh4 Ng4 34. Bf4
Qe7 35. Bg3 Re8 36. Qf3 Qe6 37. Qf4 Ne3 38. Qg5+ Kf7 39. Qxh5+ Ke7 40. Rf3 Rg8
41. Kf2 Ng4+ 42. Kf1 Ne3+ 43. Ke2 Rg7 44. Qh8 Qg6 45. Qc8 Qb6 46. h5 bxc4 47.
dxc4 Qa5 48. Bh4+ Kf7 49. e6# 1-0

[Event "9. LGA Premium Cup 2012"]
[Site "Nürnberg"]
[Date "2012.09.07"]
[Round "2.81"]
[White "Nuber, Helene"]
[Black "Matuschek, Thomas"]
[Result "1-0"]
[WhiteElo "2060"]
[BlackElo "1782"]
[PlyCount "45"]
[EventDate "2012.??.??"]
[WhiteTeam "SC Dillingen"]
[BlackTeam "SG Siemens Amberg"]

1. e4 c6 2. d4 d5 3. exd5 cxd5 4. Bd3 Nf6 5. c3 Nc6 6. Bf4 e6 7. h3 Bd6 8. Bxd6
Qxd6 9. Nf3 h6 10. Nbd2 a6 11. a4 O-O 12. O-O Nd7 13. Bc2 e5 14. dxe5 Ndxe5 15.
Re1 f5 16. Nxe5 Nxe5 17. Nf3 Nc6 18. Bb3 Ne7 19. Qd4 Be6 20. Qe5 Qxe5 21. Rxe5
Rf6 22. Rae1 Kf7 23. Nd4 1-0

[Event "9. LGA Premium Cup 2012"]
[Site "Nürnberg"]
[Date "2012.09.07"]
[Round "2.82"]
[White "Schweisgut, Jens"]
[Black "Reimold, Jonas"]
[Result "1/2-1/2"]
[WhiteElo "1762"]
[BlackElo "2046"]
[PlyCount "115"]
[EventDate "2012.??.??"]
[WhiteTeam "SV Alsfeld"]
[BlackTeam "SC Eppingen"]

1. e4 e5 2. Nf3 Nf6 3. d4 Nxe4 4. Bd3 d5 5. Nxe5 Be7 6. O-O O-O 7. c4 c6 8. Nc3
Nxc3 9. bxc3 Nd7 10. Nxd7 Bxd7 11. cxd5 cxd5 12. Qh5 f5 13. Rb1 b6 14. f4 Rc8
15. Bd2 Bf6 16. g4 g6 17. Qh3 fxg4 18. Qg2 Bf5 19. Bxf5 gxf5 20. Rb5 Rc7 21.
Rxd5 Rd7 22. Rb5 a6 23. Rbb1 b5 24. Kh1 Qc7 25. Rfe1 Qc4 26. Rb2 Rc8 27. Re2
Qf7 28. Be1 Rd5 29. Re3 a5 30. a3 Qd7 31. Rbe2 Rd6 32. Rh3 b4 33. axb4 axb4 34.
Rhe3 bxc3 35. Bxc3 Bxd4 36. Re7 Qa4 37. Qb7 Qc6+ 38. Qxc6 Rcxc6 39. Rb7 Rc8 40.
Bxd4 Rxd4 41. Ree7 Rd2 42. Rg7+ Kf8 43. Rbf7+ Ke8 44. Re7+ Kd8 45. Re1 h6 46.
Rg6 Rc4 47. Rxh6 Kc7 48. Rh7+ Kc6 49. Rh6+ Rd6 50. Rxd6+ Kxd6 51. Rf1 Rc2 52.
Kg1 Kd5 53. Re1 Kd6 54. Re5 Rc5 55. Re2 Rd5 56. Kf2 Rd4 57. Kg3 Rd3+ 58. Kh4
1/2-1/2

[Event "9. LGA Premium Cup 2012"]
[Site "Nürnberg"]
[Date "2012.09.07"]
[Round "2.83"]
[White "Stein, Tobias"]
[Black "Babichev, Vyacheslav"]
[Result "1-0"]
[WhiteElo "2036"]
[BlackElo "1775"]
[PlyCount "57"]
[EventDate "2012.??.??"]
[WhiteTeam "SV Alsfeld"]
[BlackTeam "SW Nürnberg Süd e.V."]

1. e4 d6 2. Nc3 Nf6 3. g3 g6 4. Bg2 Bg7 5. Nge2 O-O 6. O-O Nc6 7. d3 Bg4 8. h3
Bd7 9. f4 Qc8 10. g4 e6 11. Ng3 Nd4 12. Nce2 Ne8 13. c3 Nxe2+ 14. Qxe2 c6 15.
f5 Be5 16. Qf2 Bg7 17. Bg5 f6 18. Be3 c5 19. h4 e5 20. g5 Qd8 21. Bh3 fxg5 22.
hxg5 Rf7 23. Qg2 Bf8 24. fxg6 Rxf1+ 25. Rxf1 hxg6 26. Qf3 Be7 27. Qf7+ Kh8 28.
Qxg6 Bxh3 29. Rf7 1-0

[Event "9. LGA Premium Cup 2012"]
[Site "Nürnberg"]
[Date "2012.09.07"]
[Round "2.84"]
[White "Roß, Thomas"]
[Black "Balhar, Michael"]
[Result "1-0"]
[WhiteElo "2035"]
[BlackElo "1750"]
[PlyCount "99"]
[EventDate "2012.??.??"]
[WhiteTeam "SG Büchenbach/Roth e.V."]
[BlackTeam "SC Erlangen 48/88 e.V."]

1. e4 e5 2. Nf3 Nf6 3. Nc3 Nc6 4. Bb5 Bc5 5. d3 d6 6. h3 Bd7 7. O-O h6 8. a3
Nd4 9. Bc4 b5 10. Ba2 c6 11. Nxd4 Bxd4 12. Ne2 Bb6 13. Ng3 Qc8 14. Qf3 Qc7 15.
Be3 c5 16. Nh5 c4 17. Nxg7+ Ke7 18. Rae1 Rag8 19. Nf5+ Bxf5 20. exf5 Rg7 21.
Bxb6 axb6 22. b3 Rhg8 23. g3 d5 24. bxc4 bxc4 25. Qf4 Ne4 26. Qh4+ Nf6 27. dxc4
e4 28. cxd5 Qe5 29. Re3 Rg5 30. Rfe1 Kd7 31. Kf1 Rh5 32. Qf4 Qxf4 33. gxf4 Rxf5
34. c4 Rxf4 35. Rb1 Kc7 36. Rbe1 Nh5 37. Rb1 Rg6 38. Rbb3 f5 39. Rbc3 Kd6 40.
a4 Kc5 41. Ra3 Rh4 42. a5 bxa5 43. Rxa5+ Kd4 44. Ra4 Nf4 45. Raa3 Nd3 46. Bb1
f4 47. Rxe4+ Kxe4 48. Bxd3+ Kd4 49. Bxg6 Kxc4 50. d6 1-0

[Event "9. LGA Premium Cup 2012"]
[Site "Nürnberg"]
[Date "2012.09.07"]
[Round "2.85"]
[White "Werner, Thomas"]
[Black "Reichel, Günther"]
[Result "1-0"]
[WhiteElo "2022"]
[BlackElo "1730"]
[PlyCount "57"]
[EventDate "2012.??.??"]
[WhiteTeam "SW Nürnberg Süd e.V."]
[BlackTeam "SC-SF 1957 Stockstadt"]

1. d4 e6 2. c4 f5 3. g3 Nf6 4. Bg2 c6 5. Nf3 Be7 6. O-O O-O 7. Nbd2 Na6 8. Ne5
Qc7 9. Ndf3 d6 10. Nd3 Bd7 11. b4 Ne4 12. Qb3 Qc8 13. Nd2 Nf6 14. e4 fxe4 15.
Nxe4 Nc7 16. Bf4 Nxe4 17. Bxe4 a5 18. a3 b5 19. c5 d5 20. Bg2 Ra6 21. Rfe1 Be8
22. Bh3 Bg6 23. Bxc7 Qxc7 24. Bxe6+ Kh8 25. Ne5 Bh5 26. a4 axb4 27. axb5 Rxa1
28. Rxa1 cxb5 29. Qxd5 1-0

[Event "9. LGA Premium Cup 2012"]
[Site "Nürnberg"]
[Date "2012.09.07"]
[Round "3.1"]
[White "Nyzhnyk, Illya"]
[Black "Lanka, Zigurds"]
[Result "1/2-1/2"]
[WhiteElo "2614"]
[BlackElo "2417"]
[PlyCount "31"]
[EventDate "2012.??.??"]
[WhiteTeam "Schachgemeinschaft Porz e.V."]
[BlackTeam "TSV Schott Mainz"]
[TimeControl "6000+2000"]

1. d4 Nf6 2. c4 c5 3. d5 b5 4. cxb5 a6 5. f3 axb5 6. e4 Qa5+ 7. Bd2 b4 8. Na3
d6 9. Nc4 Qd8 10. a3 e6 11. dxe6 Bxe6 12. axb4 Rxa1 13. Qxa1 d5 14. exd5 Nxd5
15. Qa4+ Nd7 16. Qc6 1/2-1/2

[Event "9. LGA Premium Cup 2012"]
[Site "Nürnberg"]
[Date "2012.09.07"]
[Round "3.2"]
[White "Fedorovsky, Michael"]
[Black "Romanov, Evgeny"]
[Result "0-1"]
[WhiteElo "2401"]
[BlackElo "2590"]
[PlyCount "72"]
[EventDate "2012.??.??"]
[WhiteTeam "SC Tarrasch 45 München"]
[BlackTeam "Sportfreunde Katernberg 1913 e.V"]
[TimeControl "6000+1400"]

1. d4 Nf6 2. c4 e6 3. Nc3 Bb4 4. Qc2 d6 5. Nf3 O-O 6. Bd2 Nbd7 7. a3 Bxc3 8.
Bxc3 b6 9. e3 Bb7 10. Be2 Ne4 11. O-O c5 12. Rfd1 cxd4 13. Bxd4 e5 14. Bc3 f5
15. b4 Rf6 16. Rab1 Qe7 17. Ba1 Rh6 18. c5 bxc5 19. bxc5 Ndxc5 20. Bc4+ Kh8 21.
Bd5 Bxd5 22. Rxd5 Re6 23. h3 h6 24. Rdd1 Rf8 25. Qc4 f4 26. exf4 Rxf4 27. Rb8+
Kh7 28. Qc2 Rg6 29. Qa2 Ne6 30. Rd3 Qc7 31. Qb1 Qc6 32. Qd1 Rf7 33. Nh4 Nxf2
34. Rxd6 Qc5 35. Qb1 Nd3+ 36. Kh2 Qxd6 0-1

[Event "9. LGA Premium Cup 2012"]
[Site "Nürnberg"]
[Date "2012.09.07"]
[Round "3.3"]
[White "Baramidze, David"]
[Black "Zude, Erik"]
[Result "1-0"]
[WhiteElo "2606"]
[BlackElo "2395"]
[PlyCount "65"]
[EventDate "2012.??.??"]
[WhiteTeam "SV Hockenheim"]
[BlackTeam "SV 1920 Hofheim"]
[TimeControl "6000+1005"]

1. d4 Nf6 2. c4 g6 3. Nc3 Bg7 4. e4 d6 5. f3 O-O 6. Be3 a6 7. Bd3 c5 8. Nge2
Nc6 9. d5 Ne5 10. a4 Bd7 11. O-O Rb8 12. Ra2 Ne8 13. b3 e6 14. a5 Nc7 15. Bc2
Qe7 16. Qd2 exd5 17. exd5 f5 18. Bg5 Bf6 19. Bxf6 Qxf6 20. f4 Nf7 21. Rb1 b5
22. axb6 Rxb6 23. Nd1 Re8 24. Nf2 Nd8 25. h3 Nb7 26. Raa1 a5 27. g4 Ra6 28.
gxf5 Bxf5 29. Bxf5 gxf5 30. Kh2 Kh8 31. Ng3 Raa8 32. Nxf5 Rf8 33. Ng4 1-0

[Event "9. LGA Premium Cup 2012"]
[Site "Nürnberg"]
[Date "2012.09.07"]
[Round "3.4"]
[White "Danin, Alexandre"]
[Black "Donchenko, Alexander"]
[Result "1/2-1/2"]
[WhiteElo "2568"]
[BlackElo "2395"]
[PlyCount "141"]
[EventDate "2012.??.??"]
[WhiteTeam "Schachclub Tornado Wuppertal 199"]
[BlackTeam "SK 1858 Gießen"]
[TimeControl "6000+950"]

1. e4 c5 2. Nf3 d6 3. d4 cxd4 4. Nxd4 Nf6 5. Nc3 a6 6. Bc4 e6 7. Bb3 b5 8. O-O
Be7 9. Qf3 Qb6 10. Be3 Qb7 11. Qg3 O-O 12. Bh6 Ne8 13. Rad1 Bf6 14. Bg5 b4 15.
Na4 Bxg5 16. Qxg5 Nf6 17. f3 Bd7 18. Qa5 Bxa4 19. Bxa4 Rc8 20. Rf2 Nbd7 21.
Bxd7 Nxd7 22. a3 bxa3 23. Qxa3 Ne5 24. b3 Qb6 25. Rfd2 h6 26. Kf1 a5 27. Qa4
Rab8 28. Ne2 Qc5 29. Qd4 Kf8 30. Ra1 Ra8 31. Ra4 Ke7 32. Ke1 g5 33. Kd1 Nd7 34.
Rc4 Qxd4 35. Rcxd4 Rc6 36. Nc1 Nb6 37. Na2 Nd7 38. Ra4 Nb6 39. Rad4 Nd7 40. Kc1
h5 41. Kb2 Rb6 42. Nc3 Ne5 43. Na4 Rc6 44. Kb1 Ng6 45. Nb2 g4 46. Ra4 gxf3 47.
gxf3 Ne5 48. f4 Ng6 49. Rf2 Rc5 50. Nd3 Rb5 51. Ka2 Rab8 52. Kb2 f5 53. Re2 Kf6
54. Rc4 fxe4 55. Rcxe4 Re8 56. Rd4 d5 57. Ra4 Ne7 58. Ne5 Rg8 59. Nd3 Nc6 60.
Ra1 Nd4 61. Rf2 h4 62. Ne5 h3 63. Nf3 Nxf3 64. Rxf3 Rg4 65. Ra4 Rh4 66. Ka3 Kf5
67. Rg3 Rxf4 68. Rxh3 Rxa4+ 69. Kxa4 Rc5 70. c4 e5 71. cxd5 1/2-1/2

[Event "9. LGA Premium Cup 2012"]
[Site "Nürnberg"]
[Date "2012.09.07"]
[Round "3.5"]
[White "Hector, Jonny"]
[Black "Breutigam, Martin"]
[Result "1-0"]
[WhiteElo "2537"]
[BlackElo "2374"]
[PlyCount "71"]
[EventDate "2012.??.??"]
[WhiteTeam "Schachklub Turm Emsdetten e.V."]
[BlackTeam "SK Union Oldenburg"]
[TimeControl "6000+1360"]

1. e4 e5 2. Nf3 Nc6 3. Bc4 Nf6 4. Qe2 Be7 5. d4 d5 6. dxe5 Nxe4 7. O-O dxc4 8.
Qxe4 Be6 9. Nc3 O-O 10. Rd1 Qc8 11. Nd5 Bxd5 12. Rxd5 Qe6 13. Bf4 Rad8 14. Rad1
Rxd5 15. Rxd5 Nb4 16. Rd1 b5 17. Nd4 Rd8 18. Rd2 Qg6 19. Qxg6 hxg6 20. Nxb5 Rb8
21. Nc3 Nc6 22. Nd1 Rb5 23. Rd7 Bd8 24. Kf1 Kf8 25. a4 Rb4 26. Bd2 Rxa4 27. Bc3
Ra1 28. Ke2 Ke8 29. e6 fxe6 30. Rxg7 Ne7 31. Ne3 Ra4 32. Ng4 Nd5 33. Rg8+ Ke7
34. Ne5 Ra6 35. Bd4 Nf6 36. Bc5+ 1-0

[Event "9. LGA Premium Cup 2012"]
[Site "Nürnberg"]
[Date "2012.09.07"]
[Round "3.6"]
[White "Grimberg, Boris"]
[Black "Ginsburg, Gennadi"]
[Result "1-0"]
[WhiteElo "2365"]
[BlackElo "2516"]
[PlyCount "69"]
[EventDate "2012.??.??"]
[WhiteTeam "SAbt TSV Haunstetten"]
[BlackTeam "SV 1920 Hofheim"]
[TimeControl "6000+1165"]

1. e4 e5 2. Nc3 Nf6 3. Bc4 Nxe4 4. Qh5 Nd6 5. Bb3 Nc6 6. Nb5 g6 7. Qf3 f6 8.
Qd5 Qe7 9. Nxc7+ Kd8 10. Nxa8 b6 11. Nxb6 axb6 12. Qd3 Bb7 13. Ne2 Nb4 14. Qc3
Nd5 15. Bxd5 Bxd5 16. O-O Ne4 17. Qe3 Qe6 18. d3 Bc5 19. d4 exd4 20. Nxd4 Qe5
21. c3 Re8 22. Qh3 f5 23. Be3 f4 24. Nf3 fxe3 25. Nxe5 exf2+ 26. Kh1 Rxe5 27.
Rad1 Bc6 28. b4 Rh5 29. Qg4 Be7 30. Rxd7+ Bxd7 31. Qxe4 Bd6 32. Rxf2 Rxh2+ 33.
Kg1 Rh5 34. Qa8+ Kc7 35. Rf7 1-0

[Event "9. LGA Premium Cup 2012"]
[Site "Nürnberg"]
[Date "2012.09.07"]
[Round "3.7"]
[White "Mons, Leon"]
[Black "Heimann, Andreas"]
[Result "1/2-1/2"]
[WhiteElo "2338"]
[BlackElo "2490"]
[PlyCount "75"]
[EventDate "2012.??.??"]
[WhiteTeam "SC Forchheim e.V."]
[BlackTeam "OSG Baden-Baden"]
[TimeControl "6000+1700"]

1. Nf3 e6 2. g3 d5 3. Bg2 c5 4. O-O Nc6 5. c4 Nf6 6. e3 Be7 7. b3 O-O 8. Bb2 d4
9. exd4 cxd4 10. Re1 Bc5 11. Ne5 Nxe5 12. Rxe5 Bd6 13. Bxd4 Bxe5 14. Bxe5 Qe7
15. d4 Rd8 16. Nc3 Ne8 17. Qe2 Qb4 18. Qe3 Bd7 19. d5 Rac8 20. Qxa7 f6 21. Bd4
e5 22. Qb6 Qa3 23. Be3 Nd6 24. Bc1 Nxc4 25. Qxd8+ Rxd8 26. Bxa3 Nxa3 27. Ne4
Rc8 28. Nd6 Rc7 29. f4 exf4 30. gxf4 f5 31. Nc4 Nxc4 32. Rc1 b5 33. d6 Rc5 34.
bxc4 Kf8 35. Kf2 bxc4 36. Ke3 Ra5 37. Rxc4 Rxa2 38. Bc6 1/2-1/2

[Event "9. LGA Premium Cup 2012"]
[Site "Nürnberg"]
[Date "2012.09.07"]
[Round "3.8"]
[White "Farago, Ivan"]
[Black "Donchenko, Anatoly"]
[Result "1-0"]
[WhiteElo "2486"]
[BlackElo "2364"]
[PlyCount "101"]
[EventDate "2012.??.??"]
[WhiteTeam "SV Griesheim(DA)"]
[BlackTeam "SK 1858 Gießen"]
[TimeControl "5400+905"]

1. d4 d5 2. c4 dxc4 3. e3 Nf6 4. Bxc4 e6 5. Nf3 c5 6. O-O Qc7 7. Qe2 a6 8. Bb3
Nc6 9. Nc3 Be7 10. dxc5 Bxc5 11. Bd2 O-O 12. Rac1 Bd6 13. e4 Rd8 14. Rfd1 Bd7
15. h3 Be8 16. Be3 Bf4 17. Nd5 exd5 18. exd5 Nxd5 19. Rxd5 Qe7 20. Re1 Bxe3 21.
Qxe3 Qxe3 22. Rxe3 Rxd5 23. Bxd5 Rd8 24. Ng5 Nb4 25. Bxb7 h6 26. Ne4 Nxa2 27.
Bxa6 Bc6 28. Bc4 Nb4 29. Nc3 Kf8 30. f3 g5 31. Kf2 Rd2+ 32. Re2 Nd3+ 33. Bxd3
Rxd3 34. Ke1 Rd4 35. Rd2 Rb4 36. Kd1 h5 37. Ne2 g4 38. hxg4 hxg4 39. Nd4 Ba4+
40. Ke2 gxf3+ 41. gxf3 Kg7 42. Kd3 Rb8 43. Kc3 Kf6 44. b4 Ke5 45. Re2+ Kd5 46.
Ra2 Rc8+ 47. Kd3 Rc4 48. Ne2 Bb3 49. Rb2 Rxb4 50. Kc3 Rh4 51. Rxb3 1-0

[Event "9. LGA Premium Cup 2012"]
[Site "Nürnberg"]
[Date "2012.09.07"]
[Round "3.9"]
[White "Szabo, Bence"]
[Black "Burg, Twan"]
[Result "1/2-1/2"]
[WhiteElo "2348"]
[BlackElo "2485"]
[PlyCount "70"]
[EventDate "2012.??.??"]
[WhiteTeam "HUN"]
[BlackTeam "Schachklub Turm Emsdetten e.V."]

1. d4 d5 2. c4 c6 3. Nf3 Nf6 4. Nc3 dxc4 5. a4 a5 6. e4 Bg4 7. Bxc4 e6 8. O-O
Bb4 9. Re1 O-O 10. Bg5 Bxf3 11. gxf3 Be7 12. Be3 Na6 13. Kh1 Kh8 14. Rg1 Nb4
15. Qe2 Qc7 16. Rg2 Rad8 17. Rag1 Nh5 18. Rg4 f5 19. R4g2 f4 20. Bc1 e5 21. d5
Bc5 22. dxc6 bxc6 23. Na2 Nxa2 24. Bxa2 Rd4 25. Bc4 Rfd8 26. Rg5 g6 27. b3 Be7
28. Rxh5 gxh5 29. Bb2 Bf6 30. Bxd4 exd4 31. Qf1 Qc8 32. Qc1 Qc7 33. Qf1 Qc8 34.
Qc1 Qb8 35. Qf1 Qc8 1/2-1/2

[Event "9. LGA Premium Cup 2012"]
[Site "Nürnberg"]
[Date "2012.09.07"]
[Round "3.11"]
[White "Zaragatski, Ilja"]
[Black "Osmanodja, Filiz"]
[Result "1/2-1/2"]
[WhiteElo "2471"]
[BlackElo "2198"]
[PlyCount "89"]
[EventDate "2012.??.??"]
[WhiteTeam "Sportfreunde Katernberg 1913 e.V"]
[BlackTeam "USV TU Dresden"]

1. Nf3 Nf6 2. g3 b5 3. Na3 a6 4. c4 e5 5. Nxe5 Bb7 6. Nf3 Bxa3 7. bxa3 bxc4 8.
Bg2 O-O 9. O-O d6 10. Bb2 Nbd7 11. Rc1 Bd5 12. d3 cxd3 13. Qxd3 Rb8 14. Ba1 Re8
15. Rfe1 Nc5 16. Qf5 Nce4 17. Nd2 Rb5 18. Nxe4 Bxe4 19. Bxf6 gxf6 20. Qf4 Rf5
21. Qg4+ Rg5 22. Qh4 Bxg2 23. Kxg2 Qa8+ 24. Kg1 Re4 25. Qh3 Qd8 26. Rc3 Rge5
27. e3 d5 28. Rec1 Re7 29. Qf5 Kg7 30. Rd3 R7e5 31. Qf3 Re6 32. Rc5 c6 33. Rxc6
Rxc6 34. Qxe4 dxe4 35. Rxd8 Rc3 36. a4 Ra3 37. Rd4 f5 38. g4 fxg4 39. Rxe4 h5
40. Kg2 Rxa2 41. Rf4 Kg6 42. Rc4 f6 43. Kg3 a5 44. Rd4 Kh6 45. Rc4 1/2-1/2